Prix de la Banque de Suède en sciences économiques en mémoire d'Alfred - Statistiques

Statistiques générales
  • Ce quiz a été pris 184 fois
  • Le résultat moyen est 22 sur 55
Statistiques - réponses
Hint Réponse % Correct
1976 Milton Friedman
87%
2019 Abhijit Banerjee/ Esther Duflo/ Michael Kremer
79%
1970 Paul Samuelson
77%
1998 Amartya Sen
69%
1995 Robert Lucas
69%
2023 Claudia Goldin
67%
2001 George Akerlof/ Michael Spence/ Joseph Stiglitz
67%
2008 Paul Krugman
64%
2022 Ben Bernanke/ Douglas Diamond/ Philip Dybvig
62%
2014 Jean Tirole
62%
1974 Friedrich Von Hayek/ Gunnar Myrdal
54%
2010 Peter Diamond/ Dale Mortensen/ Christopher Pissarides
54%
1972 Sir John Hicks/ Kenneth Arrow
54%
2002 Daniel Kahneman/ Vernon Smith
51%
2021 David Card/ Joshua Angrist/ Guido Imbens
51%
1988 Maurice Allais
51%
1969 Ragnar Anton Kittil Frisch/Jan Tinbergen
51%
1987 Robert Solow
51%
1977 Bertil Ohlin/ James Meade
49%
1983 Gérard Debreu
49%
1981 James Tobin
46%
1971 Simon Kuznets
46%
1973 Wassily Leontief
46%
2018 William Nordhaus/ Paul Romer
46%
1978 Herbert Simon
44%
1986 James Buchanan
44%
2009 Elinor Ostrom/ Oliver Williamson
41%
2006 Edmund Phelps
38%
2013 Eugene Fama/ Lars Peter Hansen/ Robert Shiller
36%
1994 Reinhard Selten/ John Forbes Nash/ John Harsanyi
36%
1991 Ronald Coase
36%
1982 George Stigler
33%
1993 Robert Fogel/ Douglass North
33%
1999 Robert Mundell
33%
1985 Franco Modigliani
31%
1992 Gary Becker
31%
1990 Harry Markowitz/ Merton Miller/ William Sharpe
31%
2017 Richard Thaler
31%
1997 Robert Merton/ Myron Scholes
28%
1975 Leonid Kantorovitch/ Tjalling Koopmans
26%
1989 Trygve Haavelmo
26%
2015 Angus Deaton
23%
2004 Finn Kydland/ Edward Prescott
23%
2016 Oliver Hart/ Bengt Holmström
23%
2000 James Heckman/ Daniel McFadden
21%
1979 Theodore Schultz/ Arthur Lewis
21%
1996 James Mirrlees/ William Vickrey
18%
1980 Lawrence Klein
18%
2003 Robert Engle/ Clive Granger
18%
2012 Alvin Roth/ Lloyd Shapley
15%
1984 Richard Stone
15%
2011 Christopher A. Sims/ Thomas Sargent
13%
2005 Robert Aumann/ Thomas Schelling
13%
2007 Leonid Hurwicz/ Eric Maskin/ Roger Myerson
10%
2020 Robert Wilson/ Paul Milgrom
10%
Aucun quiz correspondant
Distribution des résultats
% des personnes avec chaque résultat
Percentile par nombre de réponses
Votre historique - résultats
Vous n’avez pas pris ce quiz